Datum a čas kvízu
17.5
Celkem bodů
Celkový počet nahraných bodů na tomto kvízu bez doplňovacích otázek.
1.
Pořadí na kvízu
Konečné umístění týmu na tomto kvízu.
Zaznamenané odpovědi
| # | Otázka | Odpověď | Body | Výsledky |
|---|---|---|---|---|
| 1. | Do pražské ZOO minulý týden do... | luskouni | 0 | |
| 2. | V Saúdské Arábii byla ve střed... | havarijní pojištění | 0 | |
| 3. | Ve čtvrtek vstoupil do českých... | Vyšehrad: Fylm | 1 | |
| 4. | Vítězem prestižních anket Svět... | Hyundai Ioniq (5) | 0 | |
| 5. | Jubilejní zápas v historii čes... | 2000. zápas | 0 | |
| 6. | V dalším díle této tematické s... | dračinec | 0 | |
| 7. | Tato dvě africká zvířátka jsou... | včel | 0 | |
| 8. | Tato kočkovitá šelma střední... | karakal | 1 | |
| 9. | Jako africká rohatá okurka býv... | kiwano | 0 | |
| 10. | Tento obyvatel subsaharské Afr... | hrabáč | 0 |